[Event "OLNW 2324 Delmenhorster SK - SK Union Ol"]
[Site "?"]
[Date "2023.11.19"]
[Round "2.8"]
[White "Margraf, Daniel"]
[Black "Schuette, Marc"]
[Result "0-1"]
[WhiteElo "2247"]
[BlackElo "2117"]
[PlyCount "70"]
[EventDate "2023.??.??"]

1. e4 d5 2. Nc3 c6 3. d4 dxe4 4. Nxe4 Nd7 5. Bd3 Ngf6 6. Qe2 Nxe4 7. Qxe4 Nf6 8. Qh4 Qa5+ 9. Bd2 Qh5 10. Qxh5 Nxh5 11. O-O-O g6 12. h3 Bg7 13. g4 Nf6 14. Ne2 Bd7 15. f3 O-O-O 16. c4 Ne8 17. Bc3 h5 18. Kc2 Nc7 19. Be4 hxg4 20. fxg4 Bf6 21. Bg2 Ne6 22. Rd3 Rh7 23. d5 Nc5 24. Rdd1 cxd5 25. Rxd5 Ne6 26. Bxf6 exf6 27. Rf1 f5 28. Ra5 fxg4 29. hxg4 Rh2 30. Rf2 Bc6 31. Rd5 Bxd5 32. cxd5 Nc7 33. Nc3 Nxd5 34. Nxd5 Rxd5 35. Kc3 Kb8 0-1

[Event "OLNW 2324 SV Hellern - SK Kirchweyhe II"]
[Site "?"]
[Date "2023.11.19"]
[Round "2.1"]
[White "Palac, Mladen"]
[Black "Hoffmann, Alexander"]
[Result "1/2-1/2"]
[WhiteElo "2479"]
[BlackElo "2408"]
[PlyCount "39"]
[EventDate "2023.??.??"]

1. e4 e5 2. Nf3 Nc6 3. Bb5 a6 4. Ba4 Nf6 5. O-O Be7 6. d3 b5 7. Bb3 d6 8. c3 O-O 9. h3 Na5 10. Bc2 c5 11. d4 Qc7 12. d5 Bd7 13. b3 Ne8 14. Be3 g6 15. Bh6 Ng7 16. g4 Nb7 17. Nbd2 f6 18. Kh2 Nd8 19. Rg1 Nf7 20. Be3 1/2-1/2

[Event "OLNW 2324 SV Hellern - SK Kirchweyhe II"]
[Site "?"]
[Date "2023.11.19"]
[Round "2.2"]
[White "Gronde, Ingo"]
[Black "Kuegel, Tobias"]
[Result "1/2-1/2"]
[WhiteElo "2312"]
[BlackElo "2422"]
[PlyCount "47"]
[EventDate "2023.??.??"]

1. e4 e5 2. Nf3 Nc6 3. Bb5 Nf6 4. O-O Nxe4 5. Re1 Nd6 6. Nxe5 Be7 7. Bf1 Nxe5 8. Rxe5 O-O 9. d4 Bf6 10. Re1 Re8 11. Rxe8+ Nxe8 12. c3 d5 13. Bf4 c6 14. Bd3 g6 15. Nd2 Ng7 16. Qb3 Qb6 17. Re1 Bf5 18. Bxf5 Nxf5 19. Nf3 Qxb3 20. axb3 Ng7 21. Be5 Bxe5 22. Nxe5 Re8 23. Kf1 f6 24. Nd7 1/2-1/2

[Event "OLNW 2324 SV Hellern - SK Kirchweyhe II"]
[Site "?"]
[Date "2023.11.19"]
[Round "2.3"]
[White "Zaja, Ivan"]
[Black "Boettcher, Christian"]
[Result "1-0"]
[WhiteElo "2415"]
[BlackElo "2201"]
[PlyCount "61"]
[EventDate "2023.??.??"]

1. d4 f5 2. c4 Nf6 3. Nc3 g6 4. h4 Bg7 5. h5 Nxh5 6. e4 fxe4 7. Rxh5 gxh5 8. Qxh5+ Kf8 9. Bh6 e6 10. Nxe4 Qe7 11. O-O-O Bxh6+ 12. Qxh6+ Qg7 13. Qf4+ Ke8 14. Qxc7 Na6 15. Qd6 Rf8 16. Nf3 Qe7 17. c5 Nb4 18. Qc7 Qd8 19. Qe5 Qe7 20. Bc4 b6 21. a3 Nc6 22. Qc7 Qd8 23. Qh2 Qe7 24. d5 Na5 25. Nd6+ Kd8 26. c6 e5 27. Nxe5 Rxf2 28. Nef7+ Rxf7 29. Nxf7+ Qxf7 30. c7+ Ke8 31. Qe5+ 1-0

[Event "OLNW 2324 SV Hellern - SK Kirchweyhe II"]
[Site "?"]
[Date "2023.11.19"]
[Round "2.4"]
[White "Lehmann, Holger"]
[Black "Kovacevic, Blazimir"]
[Result "0-1"]
[WhiteElo "2116"]
[BlackElo "2399"]
[PlyCount "74"]
[EventDate "2023.??.??"]

1. d4 e6 2. c4 f5 3. Nf3 Nf6 4. g3 d5 5. Bg2 Bd6 6. O-O O-O 7. Nc3 c6 8. b3 Nbd7 9. Qc2 Ne4 10. Na4 b5 11. Nb2 bxc4 12. bxc4 Ba6 13. c5 Bc7 14. Nd3 Rb8 15. Bf4 Bxd3 16. Qxd3 Bxf4 17. gxf4 Qa5 18. Ne5 Nxe5 19. fxe5 Nd2 20. Rfc1 Rb2 21. Qc3 Qxc3 22. Rxc3 Rfb8 23. h4 a5 24. e3 Kf7 25. Kh2 R8b4 26. Kg3 Ra4 27. a3 Nb3 28. Rd1 Rxa3 29. Bf1 Raa2 30. Bb5 Nd2 31. Rxd2 Rxd2 32. Bxc6 Ke7 33. Bb7 Rdc2 34. Rd3 a4 35. c6 Kd8 36. f3 Rg2+ 37. Kf4 Raf2 0-1

[Event "OLNW 2324 SV Hellern - SK Kirchweyhe II"]
[Site "?"]
[Date "2023.11.19"]
[Round "2.5"]
[White "Genov, Petar"]
[Black "Lewin, Tammo"]
[Result "1/2-1/2"]
[WhiteElo "2413"]
[BlackElo "2075"]
[PlyCount "94"]
[EventDate "2023.??.??"]

1. Nf3 e6 2. g3 f5 3. Bg2 Nf6 4. O-O Be7 5. c4 O-O 6. b3 d6 7. d4 c6 8. Bb2 d5 9. Nc3 Ne4 10. e3 Nd7 11. Ne2 g5 12. Ne1 g4 13. Nf4 Ndf6 14. Nfd3 Bd6 15. f3 Ng5 16. fxg4 Nxg4 17. Qe2 Qe7 18. Ne5 Nf6 19. N1d3 Bd7 20. Rae1 Be8 21. g4 Bg6 22. Nf4 Bxe5 23. dxe5 Nxg4 24. h3 Nh6 25. Nh5 Nxh3+ 26. Bxh3 Qg5+ 27. Kh2 Qxh5 28. Qxh5 Bxh5 29. Rg1+ Kf7 30. cxd5 cxd5 31. Rc1 Rac8 32. Ba3 Rfe8 33. Kg3 Be2 34. Kf4 Bb5 35. Kg5 Ng8 36. Bg2 h6+ 37. Kf4 Be2 38. Bf3 Bxf3 39. Kxf3 Ne7 40. Rxc8 Nxc8 41. Rc1 b6 42. Bb4 Kg6 43. Rc7 h5 44. Be1 Kg5 45. Rg7+ Kh6 46. Rc7 Kg5 47. Rg7+ Kh6 1/2-1/2

[Event "OLNW 2324 SV Hellern - SK Kirchweyhe II"]
[Site "?"]
[Date "2023.11.19"]
[Round "2.6"]
[White "Stock, Joerg"]
[Black "Medak, Bojan"]
[Result "1-0"]
[WhiteElo "2085"]
[BlackElo "2336"]
[PlyCount "91"]
[EventDate "2023.??.??"]

1. e4 c6 2. d4 g6 3. Nc3 Bg7 4. Bc4 d6 5. Nf3 Nf6 6. Bb3 O-O 7. O-O d5 8. exd5 cxd5 9. Re1 Bf5 10. h3 Nc6 11. a3 Rc8 12. Ne5 h6 13. g4 Bd7 14. Nxd5 Nxd5 15. Bxd5 Nxe5 16. dxe5 Qc7 17. e6 fxe6 18. Rxe6 Kh7 19. Rxe7 Qc5 20. Re2 Bb5 21. c4 Bxc4 22. Bxc4 Qxc4 23. Be3 Rcd8 24. Rd2 Rxd2 25. Qxd2 Rf3 26. Rc1 Qe4 27. Qc2 Qe5 28. Kg2 Rf8 29. Qd3 b6 30. b4 Rf6 31. Rc4 Qe7 32. a4 a6 33. b5 axb5 34. axb5 Rd6 35. Qc2 Rd5 36. Rc6 Qe8 37. Qc4 Qd7 38. Qe4 Rd6 39. Rxd6 Qxd6 40. Qc6 Qe5 41. Bxb6 h5 42. Be3 Bf8 43. gxh5 gxh5 44. Qc2+ Kg7 45. Qc4 Kg6 46. b6 1-0

[Event "OLNW 2324 SV Hellern - SK Kirchweyhe II"]
[Site "?"]
[Date "2023.11.19"]
[Round "2.7"]
[White "Vernacki, Srdjan"]
[Black "Bade, Hans-Juergen"]
[Result "0-1"]
[WhiteElo "2280"]
[BlackElo "1942"]
[PlyCount "138"]
[EventDate "2023.??.??"]

1. d3 d5 2. Nf3 Nf6 3. g3 Bf5 4. Bg2 e6 5. Nbd2 Be7 6. O-O h6 7. b3 O-O 8. Bb2 c5 9. Re1 Bh7 10. e4 Nc6 11. a3 Rc8 12. e5 Nd7 13. Qe2 b5 14. h4 Qb6 15. Nf1 c4 16. b4 cxd3 17. cxd3 a5 18. bxa5 Nxa5 19. Bd4 Bc5 20. Bxc5 Nxc5 21. d4 Ncb3 22. Rad1 Bc2 23. g4 Bxd1 24. Rxd1 Rc3 25. Ng3 Rxf3 26. Qxf3 Nxd4 27. Qe3 Nac6 28. g5 hxg5 29. Nh5 Rd8 30. hxg5 Qa7 31. Bh3 Nf5 32. Qxa7 Nxa7 33. Bxf5 exf5 34. Kf1 Nc6 35. f4 Kh7 36. Rc1 Nd4 37. Kf2 Kg6 38. Ng3 Ne6 39. Ne2 d4 40. Kf3 Ra8 41. Rc6 Rxa3+ 42. Kf2 Ra2 43. Ke1 Kh5 44. Rd6 Rxe2+ 45. Kxe2 Nxf4+ 46. Kd2 Ne6 47. Rd7 Kg6 48. Ke2 b4 49. Kd2 b3 50. Rb7 Kxg5 51. Rxf7 Kf4 52. Rb7 Kxe5 53. Rxb3 g5 54. Rb8 g4 55. Rg8 Kf4 56. Ke2 Ng5 57. Rd8 Nf3 58. Kf2 Ke4 59. Kg3 d3 60. Re8+ Ne5 61. Rd8 f4+ 62. Kf2 g3+ 63. Kg2 Ke3 64. Re8 Kd4 65. Rd8+ Kc3 66. Rc8+ Nc4 67. Kf3 d2 68. Ke2 f3+ 69. Kd1 g2 0-1

[Event "OLNW 2324 SV Hellern - SK Kirchweyhe II"]
[Site "?"]
[Date "2023.11.19"]
[Round "2.8"]
[White "Kovermann, Peter"]
[Black "Silber, Kevin"]
[Result "1/2-1/2"]
[WhiteElo "2003"]
[BlackElo "2230"]
[PlyCount "47"]
[EventDate "2023.??.??"]

1. e4 d5 2. exd5 Nf6 3. d4 c6 4. dxc6 Nxc6 5. c3 e5 6. Bb5 exd4 7. Nf3 Bg4 8. O-O Be7 9. h3 Bxf3 10. Qxf3 O-O 11. Bxc6 bxc6 12. Qxc6 Rc8 13. Qa4 Bc5 14. cxd4 Bxd4 15. Nc3 Qb6 16. Qb5 Bxc3 17. Qxb6 axb6 18. bxc3 Nd5 19. Ba3 Rfe8 20. Bb4 Nxc3 21. Bxc3 Rxc3 22. Rab1 Rc2 23. Rxb6 Rxa2 24. Rfb1 1/2-1/2

[Event "OLNW 2324 Hamelner SV - SK Nordhorn Blan"]
[Site "?"]
[Date "2023.11.19"]
[Round "2.1"]
[White "Kroeze, Frank"]
[Black "Bode, Wilfried"]
[Result "1/2-1/2"]
[WhiteElo "2386"]
[BlackElo "2338"]
[PlyCount "44"]
[EventDate "2023.??.??"]

1. e4 e5 2. Nf3 Nc6 3. d4 exd4 4. Nxd4 Nf6 5. Nxc6 bxc6 6. Nd2 Bc5 7. Nb3 Nxe4 8. Nxc5 Nxc5 9. Be3 Ne6 10. Bd3 O-O 11. Qh5 g6 12. Qf3 d5 13. O-O-O f5 14. Bh6 Rf7 15. h4 Qf6 16. Bd2 Nd4 17. Qf4 Ne6 18. Qa4 Nc5 19. Qa3 Ne4 20. Bxe4 fxe4 21. Be3 Qd6 22. Qc3 Bg4 1/2-1/2

[Event "OLNW 2324 Hamelner SV - SK Nordhorn Blan"]
[Site "?"]
[Date "2023.11.19"]
[Round "2.2"]
[White "Tonndorf, Matthias"]
[Black "Maatman, Nick"]
[Result "0-1"]
[WhiteElo "2206"]
[BlackElo "2373"]
[PlyCount "80"]
[EventDate "2023.??.??"]

1. e4 e6 2. d4 d5 3. e5 c5 4. c3 Qb6 5. Nf3 Nc6 6. a3 c4 7. Nbd2 Na5 8. g3 Bd7 9. Nh4 Be7 10. Ng2 h5 11. h4 g6 12. Ne3 Nh6 13. Bg2 Nb3 14. Nxb3 Ba4 15. Qe2 Qxb3 16. O-O O-O-O 17. Bd2 Kb8 18. Rfc1 Qb6 19. f4 Ka8 20. Be1 Rc8 21. Bh3 Qd8 22. Nf1 Rc6 23. Rcb1 Rb6 24. Nh2 Qd7 25. Nf3 Qb5 26. Bf2 Qb3 27. Ne1 Rc8 28. Qf3 Qb5 29. Bf1 Qd7 30. Qe3 Nf5 31. Qd2 Bb3 32. Bh3 Rh8 33. Bxf5 gxf5 34. Nf3 Qc6 35. Kg2 Ba4 36. Re1 Qe8 37. Re2 Qb5 38. Rh1 Kb8 39. Qe3 Qe8 40. Ng5 Bb3 0-1

[Event "OLNW 2324 Hamelner SV - SK Nordhorn Blan"]
[Site "?"]
[Date "2023.11.19"]
[Round "2.3"]
[White "Elgersma, Simon"]
[Black "Renner, Kai"]
[Result "0-1"]
[WhiteElo "2250"]
[BlackElo "2091"]
[PlyCount "106"]
[EventDate "2023.??.??"]

1. e4 e6 2. d4 d5 3. Nc3 Bb4 4. Bd3 c5 5. exd5 Qxd5 6. Bd2 Bxc3 7. Bxc3 cxd4 8. Bxd4 e5 9. Bc3 Qxg2 10. Qf3 Qxf3 11. Nxf3 f6 12. Rg1 Kf7 13. Bc4+ Be6 14. Bxe6+ Kxe6 15. Rxg7 Ne7 16. O-O-O Nbc6 17. Nh4 Rag8 18. Rg3 Rxg3 19. hxg3 h5 20. Ng2 Ng6 21. Rh1 Nce7 22. f3 Nf5 23. Be1 Nd4 24. Rf1 Ne7 25. c3 Ne2+ 26. Kc2 Rg8 27. Nh4 Nxg3 28. Rg1 Ne2 29. Rh1 Rg1 30. Rxg1 Nxg1 31. Bf2 Nh3 32. Bxa7 Nf5 33. Ng2 h4 34. Kd3 Ng5 35. Ne1 h3 36. Bg1 Ng3 37. Ke3 h2 38. Bxh2 Nf1+ 39. Kf2 Nxh2 40. Kg2 Nhxf3 41. Nxf3 Nxf3 42. Kxf3 Kd5 43. b3 f5 44. a3 e4+ 45. Kf4 b5 46. a4 bxa4 47. bxa4 Kc5 48. Ke3 Kc4 49. Kf2 Kxc3 50. a5 Kd2 51. a6 e3+ 52. Kg2 e2 53. a7 e1=Q 0-1

[Event "OLNW 2324 Hamelner SV - SK Nordhorn Blan"]
[Site "?"]
[Date "2023.11.19"]
[Round "2.4"]
[White "Koch, Yannick"]
[Black "Lambrechts, Koen"]
[Result "0-1"]
[WhiteElo "2015"]
[BlackElo "2276"]
[PlyCount "33"]
[EventDate "2023.??.??"]

1. d4 e6 2. c4 b6 3. e4 Bb7 4. Nc3 Bb4 5. Qc2 Qh4 6. Bd3 f5 7. Nf3 Bxc3+ 8. bxc3 Qg4 9. exf5 Qxg2 10. Rg1 Qxf3 11. fxe6 Nf6 12. Rxg7 dxe6 13. Ba3 Nc6 14. Rxc7 Rg8 15. Rxb7 Rg1+ 16. Bf1 Ng4 17. Bd6 0-1

[Event "OLNW 2324 Hamelner SV - SK Nordhorn Blan"]
[Site "?"]
[Date "2023.11.19"]
[Round "2.5"]
[White "Oehne, Timo"]
[Black "van Son, Lutz"]
[Result "1-0"]
[WhiteElo "2137"]
[BlackElo "2197"]
[PlyCount "49"]
[EventDate "2023.??.??"]

1. Nf3 d5 2. d4 Nf6 3. g3 c6 4. Bg2 Bg4 5. O-O Nbd7 6. c4 e6 7. Nc3 Bd6 8. Qb3 Rb8 9. Nd2 O-O 10. e4 dxe4 11. Ndxe4 Bc7 12. Be3 Nxe4 13. Nxe4 Bf5 14. Rfd1 Qe7 15. Nc3 a6 16. d5 cxd5 17. cxd5 b5 18. dxe6 Bxe6 19. Nd5 Bxd5 20. Qxd5 Rfd8 21. Qc6 Nb6 22. Bc5 Qe5 23. Rxd8+ Rxd8 24. Bxb6 Qxb2 25. Re1 1-0

[Event "OLNW 2324 Hamelner SV - SK Nordhorn Blan"]
[Site "?"]
[Date "2023.11.19"]
[Round "2.6"]
[White "Schmidt, Dennis"]
[Black "Stotyn, Fabian"]
[Result "1/2-1/2"]
[WhiteElo "2045"]
[BlackElo "2130"]
[PlyCount "161"]
[EventDate "2023.??.??"]

1. e4 c5 2. Nf3 Nf6 3. d3 d5 4. Nbd2 Nc6 5. g3 dxe4 6. dxe4 Bg4 7. Bg2 Qd7 8. O-O Rd8 9. Re1 e5 10. c3 Be7 11. Qc2 O-O 12. Nc4 Bxf3 13. Bxf3 Qd3 14. Qxd3 Rxd3 15. Bg2 b5 16. Ne3 c4 17. Nd5 Rd8 18. Bf1 Nxd5 19. Bxd3 cxd3 20. exd5 Rxd5 21. Bd2 f5 22. f3 a5 23. a4 b4 24. Kg2 Kf7 25. Rad1 Ke6 26. h4 Nb8 27. c4 Rd7 28. Bf4 Bf6 29. Re3 Nc6 30. Bg5 d2 31. Re2 Nd4 32. Rexd2 Rc7 33. Bxf6 gxf6 34. Rxd4 exd4 35. Rxd4 b3 36. Kf2 Rb7 37. c5 Rc7 38. Rd3 Rxc5 39. Rxb3 Rc4 40. Rb6+ Ke5 41. b3 Rc2+ 42. Ke3 Rc3+ 43. Ke2 f4 44. Rb5+ Kd4 45. gxf4 Rc2+ 46. Kd1 Rb2 47. Ke1 Rh2 48. h5 Kc3 49. Kd1 Kd3 50. Rd5+ Kc3 51. Rxa5 Kxb3 52. Ra6 Rxh5 53. Rxf6 Kxa4 54. Ke2 Kb5 55. Rd6 Kc5 56. Rd7 Kc6 57. Rd1 Rd5 58. Rc1+ Kd6 59. Ke3 Ra5 60. Ke4 Rb5 61. Ra1 Ke6 62. Ra6+ Kf7 63. f5 Rb1 64. Ke5 Re1+ 65. Kf4 Rb1 66. Ra7+ Kf6 67. Ra6+ Kf7 68. Rc6 Ra1 69. Re6 Rb1 70. Rh6 Kg7 71. Ra6 Kf7 72. Ra4 Kf6 73. Rc4 Ra1 74. Rc6+ Kf7 75. Kg5 Rg1+ 76. Kf4 Ra1 77. Rc4 Kf6 78. Rb4 Ra2 79. Rb6+ Kf7 80. Kg3 Ra1 81. Kf4 1/2-1/2

[Event "OLNW 2324 Hamelner SV - SK Nordhorn Blan"]
[Site "?"]
[Date "2023.11.19"]
[Round "2.7"]
[White "Schulz, Jens"]
[Black "David, Adrian"]
[Result "1/2-1/2"]
[WhiteElo "2150"]
[BlackElo "2236"]
[PlyCount "40"]
[EventDate "2023.??.??"]

1. e4 e6 2. d4 b6 3. Bd3 Bb7 4. Nf3 Nf6 5. Qe2 Be7 6. e5 Nd5 7. O-O c5 8. c4 Nc7 9. dxc5 bxc5 10. Nc3 O-O 11. Ne4 f5 12. exf6 gxf6 13. Bf4 Ne8 14. Rad1 f5 15. Ng3 Nc6 16. Rfe1 Ng7 17. Bb1 Rf7 18. Be5 Bf6 19. Bxf6 Qxf6 20. Qd2 Rc8 1/2-1/2

[Event "OLNW 2324 Hamelner SV - SK Nordhorn Blan"]
[Site "?"]
[Date "2023.11.19"]
[Round "2.8"]
[White "Reichelt, Ole"]
[Black "Bierenbroodspot, Paul"]
[Result "1/2-1/2"]
[WhiteElo "1912"]
[BlackElo "2109"]
[PlyCount "101"]
[EventDate "2023.??.??"]

1. Nf3 d5 2. d4 e6 3. e3 Nd7 4. Bd3 c5 5. b3 Ngf6 6. Nbd2 cxd4 7. exd4 Bd6 8. Bb2 Bf4 9. O-O O-O 10. Re1 Qa5 11. c3 Qc7 12. Qe2 Re8 13. Ne5 Bh6 14. Ndf3 g6 15. Nxd7 Nxd7 16. c4 Nf6 17. Ne5 b6 18. Ng4 Nxg4 19. Qxg4 Ba6 20. Bc1 Bg7 21. Bf4 e5 22. dxe5 Bxe5 23. Bxe5 Rxe5 24. Rxe5 Qxe5 25. Rd1 Re8 26. Bf1 dxc4 27. bxc4 Qe4 28. Qd7 Re7 29. Qa4 Qb7 30. g3 Qc8 31. Qa3 Re8 32. Qa4 Bb7 33. Bh3 Qc6 34. Qxc6 Bxc6 35. Bd7 Rd8 36. Bg4 Rxd1+ 37. Bxd1 Kf8 38. Kf1 Ke7 39. Ke2 Kd6 40. Kd3 Kc5 41. Kc3 Be4 42. f4 f6 43. Be2 h6 44. h4 g5 45. hxg5 fxg5 46. fxg5 hxg5 47. a3 Bf5 48. Bd1 Be6 49. Be2 Bh3 50. Kd3 Bg2 51. Kc3 1/2-1/2

[Event "OLNW 2324 Braunschweig Gliesm. - SV Werd"]
[Site "?"]
[Date "2023.11.19"]
[Round "2.1"]
[White "Lichmann, Peter"]
[Black "Riemay, David"]
[Result "1-0"]
[WhiteElo "2322"]
[BlackElo "2220"]
[PlyCount "65"]
[EventDate "2023.??.??"]

1. e4 c6 2. c4 e5 3. Nf3 d6 4. Nc3 Nf6 5. d4 Nbd7 6. Be2 Be7 7. O-O O-O 8. Qc2 Qc7 9. Rd1 Re8 10. d5 a6 11. Ne1 cxd5 12. exd5 b6 13. Be3 Bb7 14. Rac1 Rac8 15. b4 Qb8 16. Qb1 Qa8 17. a4 Bd8 18. g4 h6 19. h4 Nh7 20. Ne4 Be7 21. b5 axb5 22. axb5 Qb8 23. Nf3 Nhf6 24. Nxf6+ Nxf6 25. g5 hxg5 26. hxg5 Ng4 27. Qe4 Nxe3 28. fxe3 g6 29. Qh4 Rc7 30. Nd2 Bf8 31. Ne4 Bg7 32. Nf6+ Kf8 33. Qh7 1-0

[Event "OLNW 2324 Braunschweig Gliesm. - SV Werd"]
[Site "?"]
[Date "2023.11.19"]
[Round "2.2"]
[White "Cebulla, Konstantin"]
[Black "Ewert, Hannes"]
[Result "0-1"]
[WhiteElo "2100"]
[BlackElo "2245"]
[PlyCount "110"]
[EventDate "2023.??.??"]

1. d4 Nf6 2. c4 e6 3. g3 d5 4. Nf3 Bb4+ 5. Bd2 Be7 6. Bg2 c6 7. Qc2 Nbd7 8. O-O b6 9. cxd5 cxd5 10. Bf4 Bb7 11. Bc7 Qc8 12. Rc1 O-O 13. Qd1 Qe8 14. a4 Ne4 15. a5 Nd6 16. a6 Bc8 17. e3 Nb8 18. Bf1 Nc4 19. Bxc4 dxc4 20. Rxc4 Nxa6 21. Nbd2 Bb7 22. e4 Rc8 23. Qc1 Qb5 24. b3 f5 25. Be5 fxe4 26. Ne1 Qd5 27. Nf1 e3 28. f3 e2 29. Ne3 Qb5 30. Qc2 Bg5 31. f4 Bf6 32. Qxe2 Qxb3 33. Rac1 Rxc4 34. Rxc4 Bxe5 35. fxe5 Qb1 36. Rc2 Nb4 37. Rc7 Qe4 38. N1g2 a5 39. h4 Ba6 40. Qg4 Rf1+ 41. Kh2 Qxg4 42. Nxg4 Rf7 43. Rc1 Nd5 44. N4e3 Rc7 45. Rb1 Rc6 46. Nxd5 exd5 47. Ne3 Bd3 48. Rb2 a4 49. Rb4 b5 50. Nxd5 Rc4 51. Kg1 Rxb4 52. Nxb4 a3 53. d5 Bc4 54. d6 Kf7 55. Nc6 Ke8 0-1

[Event "OLNW 2324 Braunschweig Gliesm. - SV Werd"]
[Site "?"]
[Date "2023.11.19"]
[Round "2.4"]
[White "Nimtz, Manfred"]
[Black "Heldt, Nils-Lennart"]
[Result "1/2-1/2"]
[WhiteElo "2173"]
[BlackElo "2058"]
[PlyCount "48"]
[EventDate "2023.??.??"]

1. e4 c5 2. Nf3 d6 3. d4 cxd4 4. Nxd4 Nf6 5. Nc3 Nc6 6. Be2 g6 7. Be3 Bg7 8. h3 O-O 9. O-O Bd7 10. Qd2 Nxd4 11. Bxd4 Bc6 12. Bf3 Rc8 13. a4 Qa5 14. Rfd1 Rfd8 15. Nd5 Qxd2 16. Rxd2 Bxd5 17. exd5 Nd7 18. Bxg7 Kxg7 19. Re1 Kf8 20. Bg4 Rc4 21. b3 Rc3 22. Bxd7 Rxd7 23. Re3 Rdc7 24. Rxc3 Rxc3 1/2-1/2

[Event "OLNW 2324 Braunschweig Gliesm. - SV Werd"]
[Site "?"]
[Date "2023.11.19"]
[Round "2.5"]
[White "Steffens, Olaf"]
[Black "Clemens, Christian"]
[Result "1-0"]
[WhiteElo "2170"]
[BlackElo "2173"]
[PlyCount "93"]
[EventDate "2023.??.??"]

1. d3 d5 2. f4 g6 3. Nf3 Bg7 4. c3 c5 5. Nbd2 d4 6. cxd4 cxd4 7. g3 Nc6 8. Bg2 Nf6 9. O-O O-O 10. Nc4 Be6 11. Nce5 Nxe5 12. fxe5 Ng4 13. Ng5 Bc8 14. e6 f6 15. Ne4 Qb6 16. b4 Bxe6 17. Nc5 Rab8 18. h3 Ne5 19. Bb2 Rfd8 20. Qa4 a6 21. Kh2 f5 22. Rac1 Nd7 23. Nxe6 Qxe6 24. Qa5 Qxe2 25. Bxd4 Bxd4 26. Qd5+ e6 27. Qxd4 Ne5 28. Qb6 Nxd3 29. Rcd1 Rd7 30. Kh1 Nf2+ 31. Qxf2 Qxf2 32. Rxd7 Qxg3 33. Rc1 Qe5 34. Rcc7 b5 35. Bb7 Qf6 36. Bxa6 Rd8 37. Rxd8+ Qxd8 38. Rc8 Qxc8 39. Bxc8 Kf7 40. Bd7 e5 41. Bxb5 Ke7 42. a4 g5 43. a5 Kd6 44. a6 Kc7 45. Bd7 f4 46. Bf5 h6 47. Kg2 1-0

[Event "OLNW 2324 Braunschweig Gliesm. - SV Werd"]
[Site "?"]
[Date "2023.11.19"]
[Round "2.6"]
[White "Horn, Matthias"]
[Black "Buchal, Stephan"]
[Result "1-0"]
[WhiteElo "2122"]
[BlackElo "2198"]
[PlyCount "103"]
[EventDate "2023.??.??"]

1. Nf3 g6 2. c4 Bg7 3. Nc3 d6 4. d4 Nf6 5. e4 O-O 6. Be2 e5 7. O-O Nbd7 8. Re1 Re8 9. d5 Nc5 10. Bf1 a5 11. b3 Bd7 12. Nd2 Bh6 13. Nf3 Bg7 14. Nd2 Rf8 15. a3 Nh5 16. g3 Bh6 17. Rb1 f5 18. b4 axb4 19. axb4 Bxd2 20. Qxd2 Nxe4 21. Nxe4 fxe4 22. Bg2 Nf6 23. h3 Bf5 24. Rb3 Ra1 25. Qe2 Qd7 26. Kh2 Qa4 27. Rb2 Qa3 28. Rb1 Qa4 29. Rxa1 Qxa1 30. Bh6 Qc3 31. Bxf8 Kxf8 32. g4 Bd7 33. Bxe4 Kg7 34. Bg2 Qd4 35. Kg1 h5 36. Rd1 Qc3 37. g5 Nh7 38. h4 Qxb4 39. Be4 Qc3 40. Qd3 Qxd3 41. Rxd3 Nf8 42. Ra3 Kf7 43. Ra7 Bc8 44. Ra8 Bf5 45. f3 Ke7 46. Bxf5 gxf5 47. Kg2 Ng6 48. Kg3 Nf4 49. Rc8 Kd7 50. Rf8 b5 51. cxb5 Nxd5 52. g6 1-0

[Event "OLNW 2324 Braunschweig Gliesm. - SV Werd"]
[Site "?"]
[Date "2023.11.19"]
[Round "2.7"]
[White "Franke, Reiner"]
[Black "Hagemann, Sven"]
[Result "1/2-1/2"]
[WhiteElo "2171"]
[BlackElo "1957"]
[PlyCount "33"]
[EventDate "2023.??.??"]

1. c4 c6 2. Nf3 d5 3. e3 Nf6 4. Nc3 e6 5. b3 Be7 6. Bb2 O-O 7. Qc2 a6 8. d4 Nbd7 9. Bd3 b5 10. Ne5 Qc7 11. O-O bxc4 12. bxc4 dxc4 13. Nxc4 c5 14. Ne4 cxd4 15. Bxd4 h6 16. Rac1 Bb7 17. Nxf6+ {(=)} 1/2-1/2

[Event "OLNW 2324 SV Werder Bremen III - SK Rick"]
[Site "?"]
[Date "2023.12.03"]
[Round "3.1"]
[White "Ackermann, Dennie"]
[Black "Lichmann, Peter"]
[Result "0-1"]
[WhiteElo "2081"]
[BlackElo "2329"]
[PlyCount "42"]
[EventDate "2023.??.??"]

1. e4 d5 2. exd5 Qxd5 3. Nc3 Qa5 4. Nf3 Nf6 5. Bc4 Bg4 6. d4 Nc6 7. Bb5 O-O-O 8. Bxc6 bxc6 9. Bd2 Qf5 10. Qe2 Bxf3 11. gxf3 Kb7 12. Ne4 e5 13. dxe5 Qxe5 14. Bc3 Qf5 15. Bxf6 gxf6 16. Qe3 Qa5+ 17. c3 f5 18. b4 Qd5 19. Nd2 Bg7 20. c4 Qxd2+ 21. Qxd2 Rhe8+ 0-1

[Event "OLNW 2324 SV Werder Bremen III - SK Rick"]
[Site "?"]
[Date "2023.12.03"]
[Round "3.2"]
[White "Ewert, Hannes"]
[Black "Simon, Ralf-Axel"]
[Result "1-0"]
[WhiteElo "2251"]
[BlackElo "2041"]
[PlyCount "40"]
[EventDate "2023.??.??"]

1. d4 Nf6 2. Nf3 d5 3. g3 c5 4. Bg2 cxd4 5. O-O h6 6. Nxd4 e5 7. Nb3 Nc6 8. Nc3 Be6 9. e4 d4 10. Ne2 Qd7 11. f3 O-O-O 12. Bd2 d3 13. Nec1 dxc2 14. Qxc2 Kb8 15. Be3 Nb4 16. Qc3 Rc8 17. Nc5 Bxc5 18. Bxc5 Nc6 19. Bf2 Rhd8 20. Qa3 Qd6 1-0

[Event "OLNW 2324 SV Werder Bremen III - SK Rick"]
[Site "?"]
[Date "2023.12.03"]
[Round "3.3"]
[White "Schmidt, Benjamin"]
[Black "Kardoeus, David"]
[Result "1/2-1/2"]
[WhiteElo "1876"]
[BlackElo "2157"]
[PlyCount "91"]
[EventDate "2023.??.??"]

1. d4 Nf6 2. c4 g6 3. Nc3 Bg7 4. e4 d6 5. h3 O-O 6. Be3 e5 7. d5 a5 8. g4 Na6 9. Nge2 c6 10. Ng3 cxd5 11. cxd5 Nd7 12. h4 Bf6 13. g5 Be7 14. Be2 Ndc5 15. Kf1 b6 16. Kg2 Ra7 17. Qd2 f5 18. gxf6 Bxf6 19. h5 g5 20. Qd1 Raf7 21. Bg4 Nb4 22. Bxc5 Bxg4 23. Qxg4 bxc5 24. Qe2 g4 25. a3 Bh4 26. Qxg4+ Kh8 27. axb4 Rxf2+ 28. Kg1 Bxg3 29. Qxg3 cxb4 30. Qxf2 Rxf2 31. Kxf2 bxc3 32. bxc3 Qb6+ 33. Ke2 Qb2+ 34. Kd3 Qb5+ 35. Kd2 Qc4 36. Rxa5 Kg7 37. h6+ Kg6 38. Ra7 Kg5 39. Rg7+ Kf4 40. Rf7+ Kg3 41. Rg7+ Kf2 42. Rh2+ Kf3 43. Rh3+ Kf2 44. Rh2+ Kf3 45. Rh3+ Kf2 46. Rh2+ 1/2-1/2

[Event "OLNW 2324 SV Werder Bremen III - SK Rick"]
[Site "?"]
[Date "2023.12.03"]
[Round "3.4"]
[White "Efimenko, Maria"]
[Black "Spiess, Thomas"]
[Result "1-0"]
[WhiteElo "2219"]
[BlackElo "1998"]
[PlyCount "57"]
[EventDate "2023.??.??"]

1. e4 c5 2. c3 Nf6 3. e5 Nd5 4. d4 cxd4 5. Nf3 d6 6. cxd4 Nc6 7. Bc4 dxe5 8. dxe5 e6 9. O-O Be7 10. Qe2 O-O 11. Qe4 Qb6 12. Nc3 Ncb4 13. Ng5 g6 14. Rb1 Qc6 15. Qh4 h5 16. Bd2 Nxc3 17. bxc3 Nd5 18. Bd3 Qc7 19. Qg3 Kg7 20. Nxf7 Rxf7 21. Qxg6+ Kf8 22. Bh6+ Ke8 23. Qg8+ Bf8 24. Bxf8 Rxf8 25. Bg6+ Kd7 26. Qxf8 Qxe5 27. c4 Nf6 28. Rfe1 Qc3 29. Red1+ 1-0

[Event "OLNW 2324 SV Werder Bremen III - SK Rick"]
[Site "?"]
[Date "2023.12.03"]
[Round "3.5"]
[White "Herrmann, Andreas"]
[Black "Steffens, Olaf"]
[Result "1-0"]
[WhiteElo "1974"]
[BlackElo "2186"]
[PlyCount "113"]
[EventDate "2023.??.??"]

1. d4 e6 2. Nf3 f5 3. c3 Nf6 4. Bg5 b6 5. Nbd2 Bb7 6. e3 c5 7. a4 Be7 8. dxc5 Bxc5 9. Nc4 d5 10. Nce5 O-O 11. Nd4 Qe7 12. f4 Nbd7 13. Bb5 Rad8 14. Bxd7 Rxd7 15. Nxd7 Qxd7 16. Bxf6 gxf6 17. b4 Bd6 18. O-O Kh8 19. Qh5 Rg8 20. Ra2 Bc8 21. Rf3 Rg4 22. Rh3 e5 23. Nb5 Bb8 24. Rd2 d4 25. cxd4 exf4 26. exf4 a6 27. Nc3 Bxf4 28. Rf2 Bb7 29. d5 Be5 30. Qxf5 Qxf5 31. Rxf5 Rxb4 32. Rfh5 Bxc3 33. Rxh7+ Kg8 34. Rxb7 Bd4+ 35. Kf1 Be5 36. Rd3 Kf8 37. d6 Ke8 38. Ra7 Bd4 39. Rxa6 Kd7 40. h4 Kxd6 41. a5 Ke5 42. axb6 Bxb6 43. h5 Ke4 44. Rh3 Bd4 45. Rh4+ Ke3 46. Ra3+ Kd2 47. Rxd4+ Rxd4 48. h6 Rd7 49. Kf2 f5 50. Rh3 Rh7 51. Kf3 Ke1 52. Rh1+ Kd2 53. Kf4 Ke2 54. Kxf5 Kf2 55. g4 Kg2 56. Rh5 Kg3 57. g5 1-0